Statistics for Regions of the World

Click here to take the quiz!

General Stats

  • This quiz has been taken 71 times
  • The average score is 6 of 15

Answer Stats

Answer% Correct
Hong Kong
88%
Queensland
79%
Brittany
74%
Nova Scotia
64%
Hawaii
62%
Corsica
56%
Sicily
48%
Kent
47%
Galicia
27%
Tatarstan
23%
Bavaria
21%
Illinois
20%
Catalonia
18%
Masovia
5%
Santa Fe
3%

Score Distribution

Percentile by Number Answered

Percent of People with Each Score

Your Score History

You have not taken this quiz